000 01433nam a22003617a 4500
003 URS
005 20250325011303.0
008 250325t2023 ph ||||| |||| 00| 0 eng d
020 _a9786214271313
040 _aDLC
_beng
_cDLC
_dDLC
_dURS
_erda
082 _a658.404
_bIn891 2023
100 _aAbante, Marmelo V.
_eauthor
245 _aIntroduction to project management /
_cMarmelo V. Abante, Roselie B. Alday, Jerald S. Gongora, Alice M. Lacorte, Ace C. Lagman, Renato R. Maalis III, Alvin R. Malicdem, Cecilia A. Mercado, Corazon B. Rebong, Rejan L. Tadeo, Renato A. Villegas, and Lopel B. Gueta.
264 _aPhilippines :
_bUnlimited Books Library Services & Publishing Inc.,
_c[2023]
300 _avi, 189 pages;
_c25 cm
336 _2rdacontent
_atext
_btxt
337 _2rdamedia
_aunmediated
_bn
338 _2rdacarrier
_avolume
_bnc
504 _aIncludes bibliographical references (page 189).
650 _aProject management.
700 _aAlday, Roselie B.
_eauthor
700 _aGongora, Jerald S.
_eauthor
700 _aLacorte, Alice M.
_eauthor
700 _aLagman, Ace C.
_eauthor
700 _aMaaliw, Renato R. III.
_eauthor
700 _aMalicdem, Alvin R.
_eauthor
700 _aMercado, Cecilia A.
_eauthor
700 _aRebong, Corazon B.
_eauthor
700 _aTadeo, Rejan L.
_eauthor
700 _aVillegas, Renato A.
_eauthor
700 _aVillegas, Renato A.
_eauthor
942 _2ddc
_cF
999 _c82437
_d82436